000 01126cam a2200313 i 4500
001 bg
003 KOSZ 005
005 20201103082212.0
008 010119s2000 pl f f |000 0 pol
015 _aPB 2001/1443
020 _a832271601X
040 _aWA N
_cKOSZ 005
080 _a321(73)
080 _a321(4-15)
080 _a(075.8)
245 0 0 _aUstroje państw współczesnych /
_cEwa Gdulewicz [et al.].
250 _aWyd. 3 rozsz. i uaktual. /
_bred. nauk. Wiesław Skrzydło.
260 _aLublin :
_bWydaw. Uniwersytetu Marii Curie-Skłodowskiej,
_c2000.
300 _a205 s. ;
_c25 cm.
504 _aBibliogr. przy rozdz.
650 4 _aPaństwo
_xustrój
_zEuropa Zachodnia.
651 4 _aStany Zjednoczone
_xustrój.
655 4 _aPodręczniki akademickie
700 1 _aGdulewicz, Ewa
_d(1944- ).
710 2 _aUniwersytet Marii Curie-Skłodowskiej (Lublin).
_bWydawnictwo.
_4pbl.
700 1 _aSkrzydło, Wiesław
_d(1929- )
_eRedakcja
856 _uhttp://koha.tu.koszalin.pl/cgi-bin/koha/opac-detail.pl?biblionumber=41503
_yKatalog online BPK
942 _2UKD
_cKS
999 _c41503
_d41503